Tilastot visalle Pinta-alaltaan suurimmat valtiot A-Ö

Klikkaa tästä pelataksesi tätä visaa!

Yleistilastot

  • Tätä visaa on pelattu 473 kertaa
  • Keskiarvotulos 17 / 24

Vastaustilastot

Pinta-alaValtio% Oikein
V17 098 242Venäjä
93%
B8 515 767Brasilia
92%
K9 984 670Kanada
92%
A7 692 024Australia
91%
Y9 629 091Yhdysvallat
91%
I3 166 414Intia
85%
Q11 586Qatar
80%
O309 500Oman
77%
Z390 757Zimbabwe
77%
C756 102Chile
76%
R640 679Ranska
72%
M1 964 375Meksiko
69%
E1 221 037Etelä-Afrikka
63%
F300 000Filippiinit
62%
N1 267 000Niger
61%
H112 492Honduras
60%
U603 500Ukraina
60%
P1 285 216Peru
57%
D48 671Dominikaaninen tasavalta
56%
J527 968Jemen
56%
S2 149 690Saudi-Arabia
53%
L1 759 540Libya
52%
G267 668Gabon
39%
T1 284 000Tšad
37%

Tulosjakauma

Persentiili vastausten määrän mukaan

Jokaisen tuloksen saaneiden osuus

Tuloshistoriasi

Et ole pelannut tätä visaa